Reconocimiento legal de las personas no binarias - Estadísticas

Estadísticas generales
  • Esta prueba ha sido intentada 22 veces
  • La puntuación promedio es 9 de 14
Estadísticas de respuestas
Continente País % Correcto
Europa Bélgica
95%
Europa Países Bajos
95%
Europa Alemania
90%
América Argentina
90%
América Canadá
85%
Oceanía Nueva Zelanda
85%
Europa Islandia
70%
América Colombia
65%
Europa Austria
60%
Asia India
50%
Asia Pakistán
35%
Europa Malta
30%
Asia Nepal
30%
Asia Bangladés
25%
No se encontraron pruebas coincidentes
Distribución de puntuación
Porcentaje de gente con cada puntuación
Porcentaje por número respondido
Historial de tus puntuaciones
No has intentado esta prueba.